000 00495cam a2200181ua 4500
003 OSt
008 240213b |||||||| |||| 00| 0 eng d
020 _a0-87201-016-3
041 _aeng
082 _a660.28423
_bMAD/PR
100 _aMaddox, R.N .
_95837
245 _aProcess engineer`s absorption pocket handbook /
250 _a1 /
260 _aHouston :
_bGulf Publishing Company ,
_c1985.
300 _a90 p.
650 _aGraphical techniques/stripping/film coefficient
_95838
942 _cBK
999 _c2
_d2